000 00576 a2200169 4500
020 _c170.00
035 _aB-78958
037 _bRP-ZLS-1759 / UBH-03-04:24 / RP-03-04:ENG
082 _a513.93
090 _c1731
_d1731
100 _aAggarwal, B.M.
245 _aBusiness matahematics and statistics fundamentals for ICWA foundation course
_cby B.M. Aggarwal
260 _aNew Delhi
_bSultan Chand
_c2003
300 _aVarious pagings
_c22 cm (pbk)
942 _adpl
_cEN
_k513.93 AGG
999 _c1700
_d1700